| 000 | 00399nam a2200157Ia 4500 | ||
|---|---|---|---|
| 008 | 151213s9999 xx 000 0 und d | ||
| 100 | _aGeofrey Tilletsen | ||
| 245 |
_aOn The Poetry Of Pope _cGeofrey Tilletsen |
||
| 250 | _a2nd | ||
| 260 |
_aNew York _bOxford Clarendon Press _c1950 |
||
| 300 | _a4539 p. | ||
| 650 | _aCritics | ||
| 650 | _aEnglish | ||
| 700 | _aGeofrey Tilletsen | ||
| 999 |
_c2913 _d2913 |
||